Every Formula 1 Logo 1985-2025 - Statistics

General Stats
  • This quiz has been taken 120 times
  • The average score is 30 of 61
Answer Stats
Picture Answer % Correct
Ferrari
100%
Alpine
99%
Aston Martin
99%
Haas
99%
McLaren
99%
Mercedes
99%
Red Bull
99%
Williams
99%
Renault
96%
Racing Bulls/VCARB
95%
Lotus
93%
Alfa Romeo
86%
Jaguar
86%
Racing Point
86%
Sauber
86%
Force India
83%
Toro Rosso
83%
Alphatauri
80%
Brawn
80%
Honda
69%
HRT
69%
Benetton
65%
Lambo/Modena Team SpA
60%
Toyota
59%
Caterham
56%
Marussia
55%
Minardi
55%
Prost
48%
Tyrrell
46%
Virgin
44%
Jordan
43%
Manor
41%
Stewart
36%
Brabham
34%
Lola
34%
Super Aguri
33%
Ligier
30%
Dallara
29%
Arrows
26%
Midland
25%
Spyker
25%
British American
23%
Andrea Moda
21%
Leyton House
16%
AGS
15%
Zakspeed
15%
March
14%
Simtek
14%
Osella
13%
Pacific
13%
Toleman
13%
Fondmetal
9%
Larrousse
9%
Onyx
9%
Coloni
8%
Forti
8%
Life
8%
RAM
8%
Rial
8%
EuroBrun
5%
Spirit
5%
No matching quizzes found
Score Distribution
Percent of People with Each Score
Percentile by Number Answered
Your Score History
You have not taken this quiz